<?xml version="1.0" encoding="UTF-8"?><marc:collection xmlns:marc="http://www.loc.gov/MARC21/slim">
  <marc:record>
    <marc:leader>00000nam##2200000za#4500</marc:leader>
    <marc:controlfield tag="001">9.624799</marc:controlfield>
    <marc:controlfield tag="003">CaOODSP</marc:controlfield>
    <marc:controlfield tag="005">20250403105234</marc:controlfield>
    <marc:controlfield tag="007">ta</marc:controlfield>
    <marc:controlfield tag="008">150406|1998||||xxc|||||     f|0| 0 fre|d</marc:controlfield>
    <marc:datafield tag="020" ind1=" " ind2=" ">
      <marc:subfield code="a">0-660-96015-X</marc:subfield>
    </marc:datafield>
    <marc:datafield tag="022" ind1=" " ind2=" ">
      <marc:subfield code="a">1200-5231</marc:subfield>
    </marc:datafield>
    <marc:datafield tag="040" ind1=" " ind2=" ">
      <marc:subfield code="a">CaOODSP</marc:subfield>
      <marc:subfield code="b">fre</marc:subfield>
    </marc:datafield>
    <marc:datafield tag="043" ind1=" " ind2=" ">
      <marc:subfield code="a">n-cn---</marc:subfield>
    </marc:datafield>
    <marc:datafield tag="086" ind1="1" ind2=" ">
      <marc:subfield code="a">CS11-0019/119F</marc:subfield>
    </marc:datafield>
    <marc:datafield tag="245" ind1="0" ind2="0">
      <marc:subfield code="a">L'adoption de la technologie au Canada et aux États-Unis / </marc:subfield>
      <marc:subfield code="c">par John R. Baldwin et David Sabourin. </marc:subfield>
    </marc:datafield>
    <marc:datafield tag="260" ind1=" " ind2=" ">
      <marc:subfield code="a">Ottawa - Ontario : </marc:subfield>
      <marc:subfield code="b">Statistique Canada </marc:subfield>
      <marc:subfield code="c">1998.</marc:subfield>
    </marc:datafield>
    <marc:datafield tag="300" ind1=" " ind2=" ">
      <marc:subfield code="a">v, 37p. : </marc:subfield>
      <marc:subfield code="b">graphiques, références, tableaux ; </marc:subfield>
      <marc:subfield code="c">28 cm.</marc:subfield>
    </marc:datafield>
    <marc:datafield tag="490" ind1="1" ind2=" ">
      <marc:subfield code="a">Documents de recherche</marc:subfield>
      <marc:subfield code="x">1200-5231</marc:subfield>
      <marc:subfield code="v">N° 119</marc:subfield>
    </marc:datafield>
    <marc:datafield tag="500" ind1=" " ind2=" ">
      <marc:subfield code="a">«Les auteurs examinent en quoi l'usage de la technologie diffère au Canada et aux États-Unis, et les raisons d'une telle différence. L'étude aborde divers aspects de l'utilisation de la technologie--nombre et genre de technologies utilisées, variations dans leur utilisation sur le plan des régions, de la taille de l'entreprise et du secteur d'activité. Suit une analyse des avantages que procure le recours aux technologies de pointe selon les gestionnaires et des facteurs que les mêmes personnes estiment constituer des entraves. Bien que les gestionnaires d'entreprise des deux pays insistent généralement de manière semblable sur certains éléments de la liste des avantages perçus et des problèmes nuisant à l'adoption de la technologie, on note d'importantes fluctuations, sans doute à cause de la plus petite taille du marché canadien.»--Résumé.</marc:subfield>
    </marc:datafield>
    <marc:datafield tag="520" ind1="3" ind2=" ">
      <marc:subfield code="a">Les auteurs examinent en quoi l'usage de la technologie diffère au Canada et aux États-Unis, et les raisons d'une telle différence. L'étude aborde divers aspects de l'utilisation de la technologie--nombre et genre de technologies utilisées, variations dans leur utilisation sur le plan des régions, de la taille de l'entreprise et du secteur d'activité. Suit une analyse des avantages que procure le recours aux technologies de pointe selon les gestionnaires et des facteurs que les mêmes personnes estiment constituer des entraves. Bien que les gestionnaires d'entreprise des deux pays insistent généralement de manière semblable sur certains éléments de la liste des avantages perçus et des problèmes nuisant à l'adoption de la technologie, on note d'importantes fluctuations, sans doute à cause de la plus petite taille du marché canadien.--Résumé</marc:subfield>
    </marc:datafield>
    <marc:datafield tag="563" ind1=" " ind2=" ">
      <marc:subfield code="a">Couverture souple</marc:subfield>
    </marc:datafield>
    <marc:datafield tag="590" ind1=" " ind2=" ">
      <marc:subfield code="a">98-43</marc:subfield>
      <marc:subfield code="b">1998-10-23</marc:subfield>
    </marc:datafield>
    <marc:datafield tag="710" ind1="2" ind2=" ">
      <marc:subfield code="a">Statistique Canada.</marc:subfield>
    </marc:datafield>
    <marc:datafield tag="720" ind1="1" ind2=" ">
      <marc:subfield code="a">Sabourin, David</marc:subfield>
    </marc:datafield>
    <marc:datafield tag="720" ind1="1" ind2=" ">
      <marc:subfield code="a">Baldwin, John R.</marc:subfield>
    </marc:datafield>
    <marc:datafield tag="775" ind1="0" ind2="8">
      <marc:subfield code="t">Technology adoption : </marc:subfield>
      <marc:subfield code="w">(CaOODSP)9.614472</marc:subfield>
    </marc:datafield>
    <marc:datafield tag="776" ind1="0" ind2="#">
      <marc:subfield code="t">L'adoption de la technologie au Canada et aux États-Unis / </marc:subfield>
      <marc:subfield code="w">(CaOODSP)9.604350</marc:subfield>
    </marc:datafield>
    <marc:datafield tag="830" ind1="#" ind2="0">
      <marc:subfield code="a">Documents de recherche,</marc:subfield>
      <marc:subfield code="x">1200-5231</marc:subfield>
      <marc:subfield code="v">N° 119</marc:subfield>
      <marc:subfield code="w">(CaOODSP)9.512877</marc:subfield>
    </marc:datafield>
  </marc:record>
</marc:collection>
